L'organisation mondiale du commerce : Droit institutionnel et substantiel

保存先:
書誌詳細
第一著者: Flory, Thiébaut
フォーマット: 図書
言語:Undetermined
出版事項: Bruxelles, Bel. Bruylant 1999
主題:
タグ: タグ追加
タグなし, このレコードへの初めてのタグを付けませんか!
Thư viện lưu trữ: Trung tâm Học liệu Trường Đại học Cần Thơ
LEADER 00577nam a2200193Ia 4500
001 CTU_61616
008 210402s9999 xx 000 0 und d
082 |a 341.75 
082 |b F632 
100 |a Flory, Thiébaut 
245 0 |a L'organisation mondiale du commerce : 
245 0 |b Droit institutionnel et substantiel 
245 0 |c Thiébaut Flory 
260 |a Bruxelles, Bel. 
260 |b Bruylant 
260 |c 1999 
650 |a Foreign trade regulation,International economic polycy 
904 |i Minh,Hải 
980 |a Trung tâm Học liệu Trường Đại học Cần Thơ